<?xml version="1.0" encoding="UTF-8"?>
<record
    xmlns:xsi="http://www.w3.org/2001/XMLSchema-instance"
    xsi:schemaLocation="http://www.loc.gov/MARC21/slim http://www.loc.gov/standards/marcxml/schema/MARC21slim.xsd"
    xmlns="http://www.loc.gov/MARC21/slim">

  <leader>02078pam a2200253 a 4500</leader>
  <controlfield tag="001">1636598</controlfield>
  <controlfield tag="005">20210414113943.0</controlfield>
  <controlfield tag="008">960909s1997    njua     b    001 0 eng  </controlfield>
  <datafield tag="020" ind1=" " ind2=" ">
    <subfield code="a">0205152066</subfield>
  </datafield>
  <datafield tag="040" ind1=" " ind2=" ">
    <subfield code="a">DLC</subfield>
    <subfield code="c">DLC</subfield>
    <subfield code="d">DLC</subfield>
  </datafield>
  <datafield tag="050" ind1="0" ind2="0">
    <subfield code="a">HF5415.35 .S65 </subfield>
  </datafield>
  <datafield tag="082" ind1="0" ind2="0">
    <subfield code="2">20</subfield>
  </datafield>
  <datafield tag="100" ind1="1" ind2=" ">
    <subfield code="a">Solomon, Michael R.</subfield>
  </datafield>
  <datafield tag="245" ind1="1" ind2="0">
    <subfield code="a">Marketing : real people, real choices. /</subfield>
    <subfield code="c">Michael R. Solomon, Elnora W. Stuart.</subfield>
  </datafield>
  <datafield tag="260" ind1=" " ind2=" ">
    <subfield code="a">Upper Saddle River, N.J. :</subfield>
    <subfield code="b">Prentice Hall,</subfield>
    <subfield code="c">c1997.</subfield>
  </datafield>
  <datafield tag="300" ind1=" " ind2=" ">
    <subfield code="a">xxvi, 774 p. :</subfield>
    <subfield code="b">col. ill. ;</subfield>
    <subfield code="c">29 cm.</subfield>
  </datafield>
  <datafield tag="504" ind1=" " ind2=" ">
    <subfield code="a">Includes bibliographical references and indexes.</subfield>
  </datafield>
  <datafield tag="505" ind1=" " ind2=" ">
    <subfield code="a">Contents: Making marketing decisions: The World of marketing -- Strategic planning: making choices in a dynamic environment -- Decision making in the new era of marketing: enriching the marketing environment -- Think globally and act locally: the international marketing environment -- Understanding and identifying markets: Marketing information and research: analyzing the environment -- Why people buy: consumer markets -- Why organizations buy: business-to- business markets -- Sharpening the focus: market segmentation -- Creating and managing a product: goods and services: Creating the product -- Managing the product -- Broadening the focus: the marketing of intangible products -- Assigning value to the product: Pricing the product -- Pricing methods -- Delivering the product: Channel management, physical distribution,and wholesaling -- Retailing and direct marketing -- Communicating about the product: Connecting wtih the consumer: strategy,marketing and marketing communications -- Advertising -- Sales promotion and public relations -- Personal selling and sales force management -- Appendix A: Careers in marketing -- Appendix B: A Sample marketing plan -- Appendix C: Marketing math.</subfield>
  </datafield>
  <datafield tag="650" ind1=" " ind2="0">
    <subfield code="a">Marketing</subfield>
    <subfield code="x">Vocational guidance.</subfield>
  </datafield>
  <datafield tag="700" ind1="1" ind2=" ">
    <subfield code="a">Stuart, Elnora W.</subfield>
  </datafield>
  <datafield tag="906" ind1=" " ind2=" ">
    <subfield code="a">7</subfield>
    <subfield code="b">cbc</subfield>
    <subfield code="c">orignew</subfield>
    <subfield code="d">1</subfield>
    <subfield code="e">ocip</subfield>
    <subfield code="f">19</subfield>
    <subfield code="g">y-gencatlg</subfield>
  </datafield>
  <datafield tag="942" ind1=" " ind2=" ">
    <subfield code="2">lcc</subfield>
    <subfield code="c">BK</subfield>
  </datafield>
  <datafield tag="999" ind1=" " ind2=" ">
    <subfield code="c">951</subfield>
    <subfield code="d">8451</subfield>
  </datafield>
  <datafield tag="952" ind1=" " ind2=" ">
    <subfield code="0">0</subfield>
    <subfield code="1">0</subfield>
    <subfield code="2">lcc</subfield>
    <subfield code="4">0</subfield>
    <subfield code="7">0</subfield>
    <subfield code="a">WIUC-1</subfield>
    <subfield code="b">WIUC-1</subfield>
    <subfield code="d">2012-05-23</subfield>
    <subfield code="l">0</subfield>
    <subfield code="o">HF5415.35 .S65  .</subfield>
    <subfield code="p">2347/12</subfield>
    <subfield code="r">2012-05-23 00:00:00</subfield>
    <subfield code="t">1</subfield>
    <subfield code="w">2012-05-23</subfield>
    <subfield code="y">BK</subfield>
  </datafield>
</record>
